Understanding in mathematics

Spremljeno u:
Bibliografski detalji
Glavni autor: Sierpinska, Anna
Autor kompanije: ebrary, Inc
Format: Elektronički e-knjiga
Jezik:engleski
Izdano: London ; Washington, D.C. : Falmer, 1994.
Serija:Studies in mathematics education series ; 2.
Teme:
Online pristup:An electronic book accessible through the World Wide Web; click to view
Oznake: Dodaj oznaku
Bez oznaka, Budi prvi tko označuje ovaj zapis!

MARC

LEADER 00000nam a2200000Ia 4500
001 0000081043
005 20171002054054.0
006 m u
007 cr cn|||||||||
008 940614s1994 enka sb 001 0 eng d
010 |z  94027248 
015 |a GB94-77005 
020 |z 0203454189 
020 |z 0750703342 (pbk.) 
035 |a (CaPaEBR)ebr10096967 
035 |a (OCoLC)52509087 
040 |a CaPaEBR  |c CaPaEBR 
050 1 4 |a QA11  |b .S5524 1994eb 
100 1 |a Sierpinska, Anna. 
245 1 0 |a Understanding in mathematics  |h [electronic resource] /  |c Anna Sierpinska. 
260 |a London ;  |a Washington, D.C. :  |b Falmer,  |c 1994. 
300 |a xv, 189 p. :  |b ill. 
490 1 |a Studies in mathematics education series ;  |v 2 
504 |a Includes bibliographical references (p. 170-182) and index. 
533 |a Electronic reproduction.  |b Palo Alto, Calif. :  |c ebrary,  |d 2009.  |n Available via World Wide Web.  |n Access may be limited to ebrary affiliated libraries. 
650 0 |a Mathematics  |x Study and teaching  |x Psychology. 
650 0 |a Comprehension. 
650 0 |a Education  |x Curricula. 
655 7 |a Electronic books.  |2 local 
710 2 |a ebrary, Inc. 
830 0 |a Studies in mathematics education series ;  |v 2. 
856 4 0 |u http://site.ebrary.com/lib/daystar/Doc?id=10096967  |z An electronic book accessible through the World Wide Web; click to view 
908 |a 170314 
942 0 0 |c EB 
999 |c 70201  |d 70201